[Event "Landesklasse West 2016/2017"]
[Site "?"]
[Date "2016.11.27"]
[Round "3"]
[White "Kirchberg, Hans-Georg"]
[Black "Latka, Vera"]
[Result "1/2-1/2"]
[WhiteElo "1720"]
[BlackElo "1698"]
[PlyCount "66"]
[EventDate "2016.??.??"]
[WhiteTeam "SK Dingelstädt 1921"]
[BlackTeam "ESV Lok Meiningen"]

1. d4 Nf6 2. Nf3 e6 3. e3 b6 4. Bd3 Bb7 5. Nbd2 Be7 6. O-O O-O 7. c3 d5 8. Qc2
h6 9. e4 dxe4 10. Nxe4 Nxe4 11. Bxe4 Bxe4 12. Qxe4 Nd7 13. Re1 c5 14. Bf4 Nf6
15. Qe2 Qd5 16. h3 Qb7 17. Rad1 Rad8 18. Be5 cxd4 19. Bxd4 Qc8 20. Rd2 Nd7 21.
Red1 Bc5 22. Bxc5 Nxc5 23. Ne5 Rxd2 24. Qxd2 Nb7 25. Qd7 f6 26. Ng6 Qxd7 27.
Rxd7 Rf7 28. Ne7+ Kf8 29. Rxb7 Rxe7 30. Rb8+ Kf7 31. Rd8 Re8 32. Rd7+ Re7 33.
Rd6 Re8 1/2-1/2

[Event "Landesklasse West 2016/2017"]
[Site "?"]
[Date "2016.11.27"]
[Round "3"]
[White "Rosenberg, Erik"]
[Black "Meyer, Peter"]
[Result "0-1"]
[WhiteElo "1645"]
[BlackElo "1591"]
[PlyCount "82"]
[EventDate "2016.??.??"]
[WhiteTeam "ESV Lok Meiningen"]
[BlackTeam "SK Dingelstädt 1921"]

1. d4 Nf6 2. c4 g6 3. Nc3 d5 4. Nf3 Bg7 5. Bf4 c6 6. e3 O-O 7. Be2 Qb6 8. Qd2
Nbd7 9. O-O Re8 10. h3 Qd8 11. Rac1 Nb6 12. c5 Nbd7 13. b4 Ne4 14. Nxe4 dxe4
15. Ng5 e5 16. Bc4 exf4 17. Nxf7 Qf6 18. Nd6+ Kf8 19. Nxe8 Kxe8 20. exf4 Qxd4
21. Qxd4 Bxd4 22. Rfe1 Nf6 23. Bd3 Kf7 24. Bxe4 Be6 25. a4 Re8 26. b5 Bb3 27.
Bf3 Rxe1+ 28. Rxe1 Bxa4 29. bxc6 bxc6 30. g4 Bxc5 31. g5 Nd5 32. Re4 Bb5 33.
Re5 Bc4 34. f5 Bd4 35. fxg6+ hxg6 36. Re4 c5 37. h4 a5 38. h5 a4 39. h6 a3 40.
h7 Kg7 41. Rh4 Kh8 0-1

[Event "Landesklasse West 2016/2017"]
[Site "?"]
[Date "2016.11.27"]
[Round "3"]
[White "Oleak, Wolfgang"]
[Black "Trapp, Werner"]
[Result "1-0"]
[WhiteElo "1476"]
[BlackElo "1388"]
[PlyCount "51"]
[EventDate "2016.??.??"]
[WhiteTeam "ESV Lok Meiningen"]
[BlackTeam "SK Dingelstädt 1921"]

1. Nf3 Nc6 2. d4 d5 3. e3 Nf6 4. Nbd2 e6 5. c3 Be7 6. Bd3 h6 7. O-O b6 8. e4
dxe4 9. Nxe4 Bb7 10. Re1 Nb8 11. Ne5 Nxe4 12. Bxe4 Bxe4 13. Rxe4 Bf6 14. Bf4 g5
15. Qh5 Bxe5 16. Bxe5 Rh7 17. f4 Nc6 18. f5 Qd5 19. Rae1 O-O-O 20. fxe6 fxe6
21. Bf6 Rf8 22. Rxe6 Qf5 23. Rxc6 Rxf6 24. Qe8+ Kb7 25. Rxf6 Qxf6 26. Qe4+ 1-0

[Event "Landesklasse West 2016/2017"]
[Site "?"]
[Date "2016.11.27"]
[Round "3"]
[White "Klingler, Lutz"]
[Black "Essegern, Kurt"]
[Result "1/2-1/2"]
[WhiteElo "1943"]
[BlackElo "1961"]
[Annotator " "]
[PlyCount "23"]
[EventDate "2016.??.??"]
[WhiteTeam "SV Schmalkalden 04"]
[BlackTeam "Randspringer Bad Salzungen"]

1. e4 c5 2. Nc3 Nc6 3. f4 g6 4. Nf3 Bg7 5. Bc4 e6 6. d3 Nge7 7. O-O O-O 8. Qe1
Nd4 9. Nxd4 cxd4 10. Ne2 d5 11. Bb3 a5 12. a4 1/2-1/2

[Event "Landesklasse West 2016/2017"]
[Site "?"]
[Date "2016.11.27"]
[Round "3"]
[White "Hübschmann, Holger"]
[Black "Bamberg, Alexander"]
[Result "1/2-1/2"]
[WhiteElo "1875"]
[BlackElo "1870"]
[PlyCount "35"]
[EventDate "2016.??.??"]
[WhiteTeam "Randspringer Bad Salzungen"]
[BlackTeam "SV Schmalkalden 04"]

1. Nf3 d5 2. c4 c6 3. b3 Bf5 4. Bb2 e6 5. cxd5 cxd5 6. e3 a6 7. Nc3 Nf6 8. Nd4
Bg6 9. b4 Be7 10. Qb3 O-O 11. b5 a5 12. Na4 Nbd7 13. Bd3 Bxd3 14. Qxd3 Ne5 15.
Qb3 Nc4 16. Nf3 Ne4 17. a3 Nxb2 18. Qxb2 1/2-1/2

[Event "Landesklasse West 2016/2017"]
[Site "?"]
[Date "2016.11.27"]
[Round "3"]
[White "Feldmann, Bernd"]
[Black "Burkhardt, Christian"]
[Result "1-0"]
[WhiteElo "1816"]
[BlackElo "1721"]
[PlyCount "51"]
[EventDate "2016.??.??"]
[WhiteTeam "Randspringer Bad Salzungen"]
[BlackTeam "SV Schmalkalden 04"]

1. d4 d5 2. Nf3 Nf6 3. Bg5 e6 4. e3 Be7 5. c4 Nbd7 6. Nc3 c6 7. Qc2 O-O 8. Bd3
dxc4 9. Bxc4 Nd5 10. h4 N7f6 11. a3 h6 12. Bd3 b5 13. Ne5 Qb6 14. Nxd5 cxd5 15.
Qe2 a6 16. Qf3 Qd6 17. g4 Nd7 18. Bf4 Qb6 19. g5 Nxe5 20. dxe5 f6 21. gxf6 Bxf6
22. Qg4 Qd8 23. Rg1 Qd7 24. Qg6 Ra7 25. Qh7+ Kf7 26. exf6 1-0

[Event "Landesklasse West 2016/2017"]
[Site "?"]
[Date "2016.11.27"]
[Round "3"]
[White "Himmel, Matthias"]
[Black "Roth, Ralf"]
[Result "1/2-1/2"]
[WhiteElo "1618"]
[BlackElo "1834"]
[PlyCount "92"]
[EventDate "2016.??.??"]
[WhiteTeam "SV Schmalkalden 04"]
[BlackTeam "Randspringer Bad Salzungen"]

1. d4 Nf6 2. Nd2 g6 3. e4 d6 4. f4 Bg7 5. Ngf3 O-O 6. Bd3 c5 7. c3 cxd4 8. cxd4
Nc6 9. O-O Ng4 10. Nb3 Qb6 11. Bc4 e5 12. h3 Nf6 13. Re1 Nh5 14. fxe5 dxe5 15.
Be3 exd4 16. Nfxd4 Qb4 17. Bd5 Bd7 18. Nxc6 bxc6 19. Bc5 Qa4 20. Bxf8 Rxf8 21.
Bc4 Bxh3 22. Qc2 Bg4 23. Rf1 Qb4 24. Rac1 Bh6 25. Rce1 Qb6+ 26. Qf2 Qc7 27. e5
Bf4 28. Qd4 g5 29. Rxf4 Nxf4 30. g3 Rd8 31. Qe3 Be6 32. gxf4 Bxc4 33. f5 Qb6
34. Nc5 h6 35. e6 fxe6 36. fxe6 Qxb2 37. e7 Re8 38. Qe4 Bf7 39. Nd7 Qc3 40. Rf1
Qg3+ 41. Kh1 Bd5 42. Nf6+ Kh8 43. Nxd5 Qh3+ 44. Kg1 Qg3+ 45. Qg2 Qxg2+ 46. Kxg2
Kg7 1/2-1/2

[Event "Landesklasse West 2016/2017"]
[Site "?"]
[Date "2016.11.27"]
[Round "3"]
[White "Kunze, Heinz"]
[Black "Röder, Detlef"]
[Result "1/2-1/2"]
[WhiteElo "1649"]
[BlackElo "1611"]
[PlyCount "70"]
[EventDate "2016.??.??"]
[WhiteTeam "Randspringer Bad Salzungen"]
[BlackTeam "SV Schmalkalden 04"]

1. e4 c6 2. d4 d5 3. Nd2 dxe4 4. Nxe4 Bf5 5. Ng3 Bg6 6. Nf3 Nd7 7. Bc4 e6 8.
O-O Ngf6 9. Re1 Be7 10. Bb3 O-O 11. c4 Qc7 12. Bg5 h6 13. Bd2 a5 14. Rc1 Qb6
15. Bc3 Bb4 16. Qd2 Bxc3 17. Qxc3 Rfe8 18. Re2 Re7 19. Rce1 Rae8 20. d5 cxd5
21. cxd5 Nc5 22. dxe6 fxe6 23. Ne5 Bf7 24. Bc2 Ncd7 25. Ba4 Rd8 26. Bxd7 Nxd7
27. Nxf7 Rxf7 28. Ne4 Nf6 29. Nxf6+ Rxf6 30. Rd2 Rxd2 31. Qxd2 Qc5 32. Re3 Qf5
33. a3 b6 34. h3 Qd5 35. Rd3 Qf5 1/2-1/2

[Event "Landesklasse West 2016/2017"]
[Site "?"]
[Date "2016.11.27"]
[Round "3"]
[White "Pastowski, Werner"]
[Black "Wiefel, Erik"]
[Result "1-0"]
[WhiteElo "1440"]
[BlackElo "1695"]
[PlyCount "57"]
[EventDate "2016.??.??"]
[WhiteTeam "SV Schmalkalden 04"]
[BlackTeam "Randspringer Bad Salzungen"]

1. d4 d5 2. Nf3 Nf6 3. e3 c6 4. Be2 Bf5 5. O-O e6 6. c4 Nbd7 7. Nc3 dxc4 8.
Bxc4 Bb4 9. Bd2 O-O 10. Rc1 Rc8 11. a3 Bd6 12. Ne2 Ne4 13. Ng3 Nxg3 14. fxg3
Nf6 15. Be1 Qc7 16. Bd3 Bg4 17. Qd2 Qb8 18. e4 e5 19. Bf2 Rfe8 20. Rfe1 Bh5 21.
Qg5 Bxf3 22. gxf3 h6 23. Qf5 Rcd8 24. Bc4 exd4 25. Bxd4 Bxg3 26. Bxf6 Bxh2+ 27.
Kf1 Rd2 28. Bc3 Bg1 29. Qxf7+ 1-0

[Event "Landesklasse West 2016/2017"]
[Site "?"]
[Date "2016.11.27"]
[Round "3"]
[White "Mäurer, Michael"]
[Black "Schmidt, Mark Andre"]
[Result "1/2-1/2"]
[WhiteElo "1578"]
[BlackElo "1388"]
[PlyCount "42"]
[EventDate "2016.??.??"]
[WhiteTeam "Randspringer Bad Salzungen"]
[BlackTeam "SV Schmalkalden 04"]

1. d4 d5 2. f4 c5 3. e3 a6 4. a4 Nc6 5. c3 Nf6 6. Bd3 e6 7. Nf3 cxd4 8. exd4
Bd6 9. O-O Bd7 10. Ne5 O-O 11. Nd2 Be7 12. Qe2 Nxe5 13. fxe5 Ne8 14. Nf3 f6 15.
exf6 Bxf6 16. Ne5 Nc7 17. Bd2 b5 18. Nxd7 Qxd7 19. axb5 axb5 20. Qh5 g6 21. Qe2
Bg7 1/2-1/2

[Event "Landesklasse West 2016/2017"]
[Site "?"]
[Date "2016.11.27"]
[Round "3"]
[White "Schlick, Stefan"]
[Black "Buring, Matthias"]
[Result "0-1"]
[WhiteElo "1826"]
[BlackElo "2091"]
[PlyCount "86"]
[EventDate "2016.??.??"]
[WhiteTeam "Schachclub 1998 Gotha"]
[BlackTeam "SG Arnstadt-Stadtilm"]

1. d4 d5 2. c4 e6 3. Nc3 Nf6 4. Bg5 Be7 5. e3 O-O 6. cxd5 exd5 7. Bd3 c6 8. Qc2
h6 9. Bh4 b5 10. Nf3 Nbd7 11. a4 b4 12. Ne2 c5 13. dxc5 Nxc5 14. Nfd4 Nxd3+ 15.
Qxd3 Qb6 16. a5 Qa6 17. Qxa6 Bxa6 18. Nc6 Bd6 19. Bxf6 gxf6 20. Ncd4 Rfc8 21.
Nf5 Bf8 22. Rc1 Rc4 23. Kd2 Rac8 24. b3 R4c5 25. Rxc5 Rxc5 26. Ra1 Bxe2 27.
Kxe2 Rc3 28. Nd4 a6 29. Rd1 Kh7 30. h3 Kg6 31. Kd2 Bc5 32. Ke2 Bd6 33. Ra1 Be5
34. Rd1 Rc5 35. Ra1 Bxd4 36. exd4 Rc2+ 37. Kd1 Rc3 38. Ra4 Rxb3 39. Kc2 Rc3+
40. Kd2 Rc4 41. Kd3 Kf5 42. Ke3 b3 43. Ra3 Rc3+ 0-1

[Event "Landesklasse West 2016/2017"]
[Site "?"]
[Date "2016.11.27"]
[Round "3"]
[White "Sauer, Marko"]
[Black "Reucker, Friedrich"]
[Result "1-0"]
[WhiteElo "2069"]
[BlackElo "1723"]
[PlyCount "141"]
[EventDate "2016.??.??"]
[WhiteTeam "SG Arnstadt-Stadtilm"]
[BlackTeam "Schachclub 1998 Gotha"]

1. d4 g6 2. e4 Bg7 3. Nc3 c5 4. Be3 Qa5 5. Qd2 cxd4 6. Bxd4 Bxd4 7. Qxd4 Nf6 8.
Nf3 Nc6 9. Qd2 d6 10. a3 a6 11. Be2 Bd7 12. O-O O-O 13. b4 Qc7 14. Nd5 Nxd5 15.
exd5 Ne5 16. Nxe5 dxe5 17. c4 b6 18. Rac1 Rfd8 19. Rfd1 Ba4 20. Re1 e6 21. Qe3
exd5 22. cxd5 Qd6 23. Rc3 Ra7 24. Bf1 Re7 25. g3 Qxd5 26. Rd3 Qa8 27. Qxb6 Rxd3
28. Bxd3 Re6 29. Qc7 Qe8 30. Be4 Qe7 31. Qa5 Qe8 32. Bd5 Rd6 33. Rxe5 Qd7 34.
Qc5 Kg7 35. Bf3 Bb5 36. Rd5 Qe6 37. Qc3+ Kg8 38. Rxd6 Qxd6 39. Qc8+ Kg7 40.
Qc3+ Kg8 41. Kg2 Qe6 42. h3 Qa2 43. g4 Qb1 44. Qd2 Qf1+ 45. Kg3 Qc4 46. Bd5
Qc7+ 47. Qf4 Qd7 48. Qe5 Bc6 49. Bc4 Qd1 50. Qf6 Be8 51. Bxa6 Qb3+ 52. Qf3 Qe6
53. Bb7 Bb5 54. Bd5 Qe5+ 55. Kg2 Qe7 56. Qe4 Qf6 57. Qf3 Qe7 58. Qb3 Qd7 59. f3
Kg7 60. Qc3+ Kg8 61. Qe5 h6 62. Kg3 Kh7 63. Bb3 Bc6 64. Qf6 Qc7+ 65. Kg2 Be8
66. a4 Qd7 67. Qc3 Qe7 68. Qd2 Bc6 69. b5 Bb7 70. Bd1 Qa3 71. a5 1-0

[Event "Landesklasse West 2016/2017"]
[Site "?"]
[Date "2016.11.27"]
[Round "3"]
[White "Scheller, Thomas"]
[Black "Manger, Hans-Gerald"]
[Result "0-1"]
[WhiteElo "1664"]
[BlackElo "1838"]
[PlyCount "62"]
[EventDate "2016.??.??"]
[WhiteTeam "SG Arnstadt-Stadtilm"]
[BlackTeam "Schachclub 1998 Gotha"]

1. d4 d5 2. g3 Nf6 3. Bg2 Bf5 4. Nf3 e6 5. O-O Nbd7 6. Nbd2 Bd6 7. Nh4 Bg4 8.
h3 Bh5 9. Nhf3 O-O 10. b3 c5 11. c3 e5 12. dxe5 Nxe5 13. Bb2 Qc7 14. Rc1 Rfe8
15. Re1 Re7 16. Nh4 Rae8 17. Ndf3 Qd7 18. Qd2 Nxf3+ 19. Nxf3 Bxf3 20. exf3 Qf5
21. Rxe7 Rxe7 22. Rd1 Rd7 23. Kh2 h6 24. h4 Rd8 25. f4 Bc7 26. Re1 Bd6 27. Bh3
Qg6 28. g4 Nxg4+ 29. Kh1 Nf6 30. Rg1 Qe4+ 31. Bg2 Qxf4 0-1

[Event "Landesklasse West 2016/2017"]
[Site "?"]
[Date "2016.11.27"]
[Round "3"]
[White "Kuznecovs, Nikita"]
[Black "Jank, Kevin"]
[Result "1-0"]
[WhiteElo "1945"]
[BlackElo "1706"]
[PlyCount "43"]
[EventDate "2016.??.??"]
[WhiteTeam "Schachclub 1998 Gotha"]
[BlackTeam "SG Arnstadt-Stadtilm"]

1. Nf3 d5 2. c4 e6 3. g3 c6 4. b3 Bd6 5. Bb2 Nf6 6. Bg2 Nbd7 7. O-O O-O 8. d3
Re8 9. Nbd2 Qc7 10. Rc1 Qa5 11. a3 c5 12. cxd5 exd5 13. e4 Qa6 14. exd5 b5 15.
Ne4 Nxe4 16. dxe4 Rxe4 17. Ng5 Re7 18. Qh5 Nf8 19. Rce1 Qb7 20. Ne4 Qc7 21. Qg5
Ng6 22. Nxd6 1-0

[Event "Landesklasse West 2016/2017"]
[Site "?"]
[Date "2016.11.27"]
[Round "3"]
[White "Rockstuhl, Reiner"]
[Black "Marufke, Kai"]
[Result "1/2-1/2"]
[WhiteElo "1770"]
[BlackElo "1766"]
[PlyCount "101"]
[EventDate "2016.??.??"]
[WhiteTeam "Schachclub 1998 Gotha"]
[BlackTeam "SG Arnstadt-Stadtilm"]

1. e4 e5 2. Nf3 Nc6 3. Bb5 a6 4. Ba4 d6 5. c3 b5 6. Bb3 Be7 7. O-O Nf6 8. Re1
Bg4 9. h3 Bxf3 10. Qxf3 O-O 11. d4 exd4 12. Bf4 Ne5 13. Qd1 dxc3 14. Nxc3 Ng6
15. Bg3 Nd7 16. Nd5 Bf6 17. Rb1 Nc5 18. Bc2 Re8 19. b4 Nd7 20. Bb3 Ne7 21. Rc1
Nxd5 22. Qxd5 Re7 23. Rc2 Nb6 24. Qf5 Qd7 25. Qh5 Bd4 26. Kh1 Rae8 27. f3 Kh8
28. Rd1 g6 29. Qh6 Bg7 30. Qd2 h6 31. Rdc1 Rc8 32. Rc6 Qe8 33. R6c2 f5 34. exf5
gxf5 35. Bh4 c5 36. bxc5 dxc5 37. Bxe7 Qxe7 38. Re1 Qf8 39. Be6 Rc7 40. Re2 Re7
41. Qd6 Na4 42. Bxf5 Rxe2 43. Qxf8+ Bxf8 44. Rxe2 Nc3 45. Re8 Kg7 46. Ra8 Nxa2
47. Rxa6 Nc3 48. Rb6 b4 49. Bd3 Nd1 50. Kh2 Nb2 51. Bc2 1/2-1/2

[Event "Landesklasse West 2016/2017"]
[Site "?"]
[Date "2016.11.27"]
[Round "3"]
[White "Rudolf, Robby"]
[Black "Grabner, Stefan"]
[Result "0-1"]
[WhiteElo "1498"]
[BlackElo "2041"]
[PlyCount "58"]
[EventDate "2016.??.??"]
[WhiteTeam "SG Arnstadt-Stadtilm"]
[BlackTeam "Schachclub 1998 Gotha"]

1. e4 c5 2. Nf3 e6 3. d4 cxd4 4. Nxd4 Nf6 5. Bd3 Nc6 6. Nxc6 bxc6 7. O-O Bc5 8.
Bg5 e5 9. Nd2 O-O 10. Nb3 Be7 11. f4 exf4 12. Rxf4 h6 13. Bxf6 Bxf6 14. c3 Be5
15. Rf3 d6 16. h3 Be6 17. Kh1 Qh4 18. Qe1 Qxe1+ 19. Rxe1 Rab8 20. Bc2 a5 21.
Rb1 Rb6 22. Nc1 Rfb8 23. b3 a4 24. b4 a3 25. Bb3 c5 26. Bxe6 fxe6 27. Nb3 cxb4
28. cxb4 Rxb4 29. Re1 Rxb3 0-1

[Event "Landesklasse West 2016/2017"]
[Site "?"]
[Date "2016.11.27"]
[Round "3"]
[White "Petiko, Nikolai"]
[Black "Minor, Viatcheslav"]
[Result "1/2-1/2"]
[WhiteElo "2001"]
[BlackElo "1916"]
[PlyCount "84"]
[EventDate "2016.??.??"]
[WhiteTeam "SV Breitenworbis"]
[BlackTeam "SV Wartburgstadt Eisenach"]

1. e4 e6 2. d4 d5 3. Nd2 c5 4. exd5 Qxd5 5. Ngf3 cxd4 6. Bc4 Qd6 7. O-O Nf6 8.
Nb3 Nc6 9. Nbxd4 Nxd4 10. Nxd4 a6 11. Re1 Qc7 12. Qe2 Bd6 13. Bg5 Bxh2+ 14. Kh1
Bf4 15. Bxf6 gxf6 16. Bxe6 O-O 17. Bf5 Kh8 18. Qh5 h6 19. g3 Bg5 20. f4 Bxf5
21. Nxf5 Qc6+ 22. Kg1 Bxf4 23. Nxh6 Bxh6 24. Qxh6+ Kg8 25. Rf1 Qxc2 26. Rxf6
Qh7 27. Qf4 Rac8 28. Rf1 Rc6 29. Rxc6 bxc6 30. Rc1 Re8 31. Qg5+ Kf8 32. Qc5+
Kg7 33. Qxc6 Re3 34. Qd6 Qe4 35. Rf1 Rf3 36. Rxf3 Qxf3 37. Qd4+ Kg6 38. Kh2
Qe2+ 39. Kh3 Qf1+ 40. Kh2 Qe2+ 41. Kg1 Qf3 42. Qc3 Qe2 1/2-1/2

[Event "Landesklasse West 2016/2017"]
[Site "?"]
[Date "2016.11.27"]
[Round "3"]
[White "Neef, Michael"]
[Black "Gast, Rainer"]
[Result "1/2-1/2"]
[WhiteElo "1863"]
[BlackElo "1878"]
[PlyCount "42"]
[EventDate "2016.??.??"]
[WhiteTeam "SV Wartburgstadt Eisenach"]
[BlackTeam "SV Breitenworbis"]

1. d4 d5 2. Nf3 Nf6 3. c4 e6 4. Bg5 Be7 5. Nc3 O-O 6. c5 b6 7. b4 a5 8. a3 Ne4
9. Nxe4 dxe4 10. Bxe7 Qxe7 11. Nd2 Bb7 12. e3 e5 13. cxb6 exd4 14. bxc7 dxe3
15. fxe3 Qxc7 16. Bc4 axb4 17. axb4 Qb6 18. Rxa8 Qxe3+ 19. Qe2 Qxe2+ 20. Kxe2
Bxa8 21. Ke3 Nd7 1/2-1/2

[Event "Landesklasse West 2016/2017"]
[Site "?"]
[Date "2016.11.27"]
[Round "3"]
[White "Bötticher, Heinz-Wilfried"]
[Black "Königsdörfer, Gerhard"]
[Result "1/2-1/2"]
[WhiteElo "1790"]
[BlackElo "1912"]
[PlyCount "23"]
[EventDate "2016.??.??"]
[WhiteTeam "SV Breitenworbis"]
[BlackTeam "SV Wartburgstadt Eisenach"]

1. e4 e5 2. Nf3 Nc6 3. Nc3 Nf6 4. d4 exd4 5. Nxd4 Bb4 6. Nxc6 bxc6 7. Bd3 O-O
8. O-O d5 9. exd5 cxd5 10. Bg5 Be6 11. Qf3 h6 12. Bxf6 1/2-1/2

[Event "Landesklasse West 2016/2017"]
[Site "?"]
[Date "2016.11.27"]
[Round "3"]
[White "Graupner, Markus"]
[Black "Hellrung, Bernhard"]
[Result "1/2-1/2"]
[WhiteElo "1707"]
[BlackElo "1819"]
[PlyCount "52"]
[EventDate "2016.??.??"]
[WhiteTeam "SV Wartburgstadt Eisenach"]
[BlackTeam "SV Breitenworbis"]

1. d4 Nf6 2. c4 g6 3. Nf3 Bg7 4. Nc3 d6 5. e4 O-O 6. Be2 c6 7. O-O Qc7 8. Qc2
e5 9. dxe5 dxe5 10. Be3 Bg4 11. h3 Bxf3 12. Bxf3 Nbd7 13. Rfd1 Rfd8 14. Rd2 Nf8
15. Rad1 Ne6 16. Ne2 Rxd2 17. Rxd2 c5 18. Nc3 Nd4 19. Qd1 Nd7 20. Nd5 Qd6 21.
Bg4 Nf8 22. f4 h5 23. f5 hxg4 24. Qxg4 gxf5 25. exf5 Nxf5 26. Qxf5 Qe6 1/2-1/2

[Event "Landesklasse West 2016/2017"]
[Site "?"]
[Date "2016.11.27"]
[Round "3"]
[White "Petiko, Jakob"]
[Black "Anschütz, Bernd"]
[Result "1-0"]
[WhiteElo "1926"]
[BlackElo "1758"]
[PlyCount "97"]
[EventDate "2016.??.??"]
[WhiteTeam "SV Breitenworbis"]
[BlackTeam "SV Wartburgstadt Eisenach"]

1. e4 c5 2. c4 Nc6 3. Nc3 g6 4. g3 Bg7 5. d3 d6 6. Be3 e5 7. Qd2 Be6 8. Nd5
Nge7 9. Bg5 Bxd5 10. cxd5 Nd4 11. Bg2 f6 12. Be3 Rc8 13. Ne2 O-O 14. O-O Qd7
15. Rac1 b6 16. Nxd4 cxd4 17. Bh6 Rxc1 18. Rxc1 Rc8 19. Bxg7 Kxg7 20. f4 h6 21.
h4 a5 22. Kh2 Rxc1 23. Qxc1 exf4 24. Qxf4 g5 25. Qf2 gxh4 26. Bh3 Qb5 27. Qxd4
hxg3+ 28. Kxg3 Qc5 29. Qc3 Qe3+ 30. Kh2 Qf2+ 31. Bg2 Qc5 32. Qe1 Qd4 33. Qg3+
Kf8 34. Qxd6 Qxb2 35. Qf4 Qe5 36. Kg3 Ng6 37. Qxe5 fxe5 38. Bf3 Ke7 39. Bg4 Kd6
40. Kf3 b5 41. Ke3 b4 42. d4 Ne7 43. Kd3 a4 44. Bd1 a3 45. Kc4 h5 46. Bxh5 exd4
47. Kxb4 Ke5 48. Kc5 Kxe4 49. d6 1-0

[Event "Landesklasse West 2016/2017"]
[Site "?"]
[Date "2016.11.27"]
[Round "3"]
[White "Hoppe, Hans-Jörg"]
[Black "Vergin, Marcel"]
[Result "0-1"]
[WhiteElo "1545"]
[BlackElo "1812"]
[PlyCount "54"]
[EventDate "2016.??.??"]
[WhiteTeam "SV Wartburgstadt Eisenach"]
[BlackTeam "SV Breitenworbis"]

1. c4 e5 2. Nc3 d6 3. g3 Nc6 4. Bg2 Be6 5. b3 Qd7 6. Nd5 g6 7. Rb1 Be7 8. Bb2
Nf6 9. e3 Bf5 10. d3 Nxd5 11. cxd5 Nb4 12. e4 Qb5 13. Bf1 Bd7 14. a3 Na6 15.
Bc3 c6 16. a4 Qc5 17. Rc1 cxd5 18. Qd2 Rc8 19. Bb2 Qb4 20. Rxc8+ Bxc8 21. Qxb4
Nxb4 22. exd5 Nxd5 23. Nf3 b6 24. d4 Nb4 25. Bb5+ Bd7 26. Bxd7+ Kxd7 27. dxe5
Nd3+ 0-1

[Event "Landesklasse West 2016/2017"]
[Site "?"]
[Date "2016.11.27"]
[Round "3"]
[White "Leibeling, Lucian"]
[Black "Ulbricht, Olaf"]
[Result "1-0"]
[WhiteElo "1806"]
[BlackElo "1541"]
[PlyCount "39"]
[EventDate "2016.??.??"]
[WhiteTeam "SV Breitenworbis"]
[BlackTeam "SV Wartburgstadt Eisenach"]

1. c4 Nf6 2. Nc3 g6 3. g3 Bg7 4. Bg2 O-O 5. e4 e5 6. Nge2 d6 7. O-O Re8 8. d3
Nc6 9. h3 b6 10. Be3 Bd7 11. Qd2 Qc8 12. Kh2 Rb8 13. Bg5 Ne7 14. f4 Nh5 15.
fxe5 Bxe5 16. d4 Bh8 17. g4 Ng7 18. Bxe7 Rxe7 19. Nd5 Kf8 20. Qh6 1-0

[Event "Landesklasse West 2016/2017"]
[Site "?"]
[Date "2016.11.27"]
[Round "3"]
[White "Mekus, Stephanie"]
[Black "Gast, Benedikt"]
[Result "0-1"]
[WhiteElo "1570"]
[BlackElo "1628"]
[PlyCount "52"]
[EventDate "2016.??.??"]
[WhiteTeam "SV Wartburgstadt Eisenach"]
[BlackTeam "SV Breitenworbis"]

1. d4 Nf6 2. Nf3 d6 3. Bf4 Nbd7 4. e3 c6 5. c4 g6 6. Bd3 Bg7 7. O-O O-O 8. h3
Re8 9. Bh2 e5 10. Bc2 Qb6 11. b3 exd4 12. exd4 d5 13. c5 Qd8 14. Nc3 Nf8 15.
Re1 Bd7 16. Rb1 Rxe1+ 17. Qxe1 Qe8 18. Bd6 Qe6 19. Ng5 Qxe1+ 20. Rxe1 Ne8 21.
Re7 Nxd6 22. cxd6 Bf6 23. Rxd7 Nxd7 24. Nf3 Re8 25. Na4 b6 26. h4 Re6 0-1

[Event "Landesklasse West 2016/2017"]
[Site "?"]
[Date "2016.11.27"]
[Round "3"]
[White "Kirsch, Uwe"]
[Black "Kuntze, Andreas"]
[Result "1/2-1/2"]
[WhiteElo "1927"]
[BlackElo "1988"]
[PlyCount "81"]
[EventDate "2016.??.??"]
[WhiteTeam "TSG Ruhla"]
[BlackTeam "Schachclub Rochade Leinefelde"]

1. d4 c5 2. d5 Nf6 3. c4 e5 4. Nc3 d6 5. g3 Be7 6. Bg2 O-O 7. Qc2 Ne8 8. e3 Na6
9. Nge2 Bd7 10. O-O Nec7 11. b3 b5 12. cxb5 Nxb5 13. Bb2 f5 14. Rfe1 Rb8 15.
Rab1 Qe8 16. Qd2 Bd8 17. Nxb5 Bxb5 18. Red1 Qh5 19. Bf1 Rf6 20. f4 Rh6 21. Nc3
Bxf1 22. Rxf1 e4 23. Rf2 Nb4 24. Rg2 Rg6 25. Ba1 Nd3 26. Ne2 Qg4 27. Nc1 Nxc1
28. Rxc1 h5 29. Rc4 Kh7 30. Rc1 Rb5 31. Bc3 h4 32. Qc2 Qf3 33. Qf2 Qxf2+ 34.
Kxf2 h3 35. Rgg1 Kh6 36. Rgd1 Kh5 37. Rc2 Kg4 38. Be1 Rf6 39. Rc4 Rf7 40. Ra4
a5 41. Rc1 1/2-1/2

[Event "Landesklasse West 2016/2017"]
[Site "?"]
[Date "2016.11.27"]
[Round "3"]
[White "Kachel, Alfred"]
[Black "Von Otte, Wilhelm"]
[Result "1-0"]
[WhiteElo "1987"]
[BlackElo "1977"]
[PlyCount "61"]
[EventDate "2016.??.??"]
[WhiteTeam "Schachclub Rochade Leinefelde"]
[BlackTeam "TSG Ruhla"]

1. d4 d5 2. Nf3 c6 3. c4 e6 4. Nc3 f5 5. Bg5 Be7 6. Bxe7 Qxe7 7. e3 Nf6 8. Qc2
Nbd7 9. Bd3 Ne4 10. O-O-O Ndf6 11. Ne5 Bd7 12. f3 Nxc3 13. Qxc3 O-O-O 14. Rhe1
Kb8 15. Kb1 Rc8 16. e4 fxe4 17. fxe4 Be8 18. exd5 cxd5 19. Qb3 Qc7 20. c5 Bh5
21. Rc1 Bg6 22. Nxg6 hxg6 23. h3 Rce8 24. Bxg6 Re7 25. Qe3 Nd7 26. Qg5 Nf8 27.
Bh5 Ka8 28. Rc3 Qd7 29. Rce3 Nh7 30. Qe5 Nf6 31. Bf3 {ZÜ} 1-0

[Event "Landesklasse West 2016/2017"]
[Site "?"]
[Date "2016.11.27"]
[Round "3"]
[White "Thrän, Uwe"]
[Black "Frank, Thomas"]
[Result "1/2-1/2"]
[WhiteElo "1744"]
[BlackElo "1846"]
[PlyCount "46"]
[EventDate "2016.??.??"]
[WhiteTeam "TSG Ruhla"]
[BlackTeam "Schachclub Rochade Leinefelde"]

1. d4 Nf6 2. c4 g6 3. Nc3 Bg7 4. e4 d6 5. f3 O-O 6. Be3 Nc6 7. Bd3 e5 8. d5 Nd4
9. Nge2 a6 10. Bc2 Nxc2+ 11. Qxc2 c5 12. dxc6 bxc6 13. O-O Be6 14. b3 Qc7 15.
Na4 Rab8 16. Rac1 h5 17. Rfd1 Kh7 18. Qd2 Ne8 19. Nec3 c5 20. Nd5 Bxd5 21. Qxd5
f5 22. Nc3 f4 23. Bf2 g5 1/2-1/2

[Event "Landesklasse West 2016/2017"]
[Site "?"]
[Date "2016.11.27"]
[Round "3"]
[White "Pfitzenreuter, Gerald"]
[Black "Brückmann, Volker"]
[Result "1/2-1/2"]
[WhiteElo "1828"]
[BlackElo "1783"]
[PlyCount "94"]
[EventDate "2016.??.??"]
[WhiteTeam "Schachclub Rochade Leinefelde"]
[BlackTeam "TSG Ruhla"]

1. d4 d5 2. Nf3 Nf6 3. c4 e6 4. cxd5 exd5 5. Bg5 Be7 6. e3 O-O 7. Nc3 Bg4 8.
Qb3 Nbd7 9. Bd3 Nb6 10. Ne5 Bh5 11. Qc2 Bg6 12. Nxg6 hxg6 13. O-O-O Nh5 14.
Bxe7 Qxe7 15. Kb1 a5 16. Ne2 Rfc8 17. Ng3 c5 18. Nxh5 gxh5 19. dxc5 Rxc5 20.
Qd2 Nc4 21. Qe2 g6 22. Rc1 Rac8 23. Rhd1 b5 24. h3 Qe5 25. Bxc4 Rxc4 26. Rxc4
dxc4 27. Rd4 Kg7 28. Qc2 Qc5 29. Qd2 b4 30. Rd5 Qc7 31. Qd4+ Kg8 32. Rd7 Qc6
33. Rd8+ Rxd8 34. Qxd8+ Kh7 35. Qg5 b3 36. Qf4 Qd5 37. Qd4 Qf5+ 38. e4 Qb5 39.
a3 a4 40. Kc1 Qg5+ 41. Qe3 Qxg2 42. Kd2 Qh2 43. Qg3 Qh1 44. Qf4 Qxh3 45. Qxf7+
Kh6 46. Qf4+ Kg7 47. Qc7+ Kh6 1/2-1/2